Tourism: Yellow Fever - Statistics

General Stats
  • This quiz has been taken 32 times
  • The average score is 30 of 43
Answer Stats
Hint Country % Correct
Democratic Republic of the Congo
91%
Niger
91%
Colombia
87%
Congo
87%
Nigeria
87%
Panama
87%
Chad
83%
not a country, under France French Guiana
83%
Venezuela
83%
Brazil
78%
Guyana
78%
Kenya
78%
Mali
78%
Peru
78%
Suriname
78%
Uganda
78%
Central African Republic
74%
Angola
70%
Argentina
70%
Ecuador
70%
Equatorial Guinea
70%
Gabon
70%
Senegal
70%
Bolivia
65%
Rwanda
65%
Togo
65%
Burundi
61%
Cameroon
61%
Ghana
61%
Guinea
61%
Guinea-Bissau
61%
Liberia
61%
Paraguay
61%
South Sudan
61%
Sudan
61%
Benin
57%
Ethiopia
57%
Sierra Leone
57%
Burkina Faso
52%
Côte d'Ivoire
52%
Gambia
52%
Mauritania
48%
Trinidad and Tobago
43%
No matching quizzes found
Score Distribution
Percent of People with Each Score
Percentile by Number Answered
Your Score History
You have not taken this quiz